Online
Catalog
Normal view MARC view

Entry Nombre personal

Number of records used in: 21

001 - NÚMERO DE CONTROL

  • campo de control: 1591

003 - IDENTIFICADOR DEL NÚMERO DE CONTROL

  • campo de control: OSt

005 - FECHA Y HORA DE LA ÚLTIMA TRANSACCIÓN

  • campo de control: 20210705100941.0

008 - DATOS DE LONGITUD FIJA

  • campo de control de longitud fija: 200615|| aca||aabn | a|a d

040 ## - FUENTE DE LA CATALOGACIÓN

  • Centro catalogador/agencia de origen: OSt
  • Centro/agencia transcriptor: OSt

100 1# - ENCABEZAMIENTO-NOMBRE DE PERSONA

  • Nombre de persona: Sánchez Maríñez, Julio

370 ## - LUGAR ASOCIADO

  • Lugar de nacimiento: República Dominicana

375 ## - GÉNERO/SEXO

  • Género/Sexo: Masculino

377 ## - LENGUA/LENGUAJE ASOCIADO

  • Código del idioma: spa

400 1# - TRAZADO DE VÉASE--NOMBRE DE PERSONA

  • Nombre de persona: Mariñez, Julio Sánchez,

670 ## - FUENTE DE DATOS ENCONTRADOS

  • Cita de la fuente: Quehacer científico II :, 1998.

670 ## - FUENTE DE DATOS ENCONTRADOS

  • Cita de la fuente: Relatos para pasar el rato, 2018

Powered by Koha